| 000 | 00749nam a2200229 a 4500 | ||
|---|---|---|---|
| 001 | 000038820 | ||
| 003 | DO-SdBNP | ||
| 005 | 20230217142631.0 | ||
| 007 | ta | ||
| 008 | 130425e2002 dr a fr 000 0 spa d | ||
| 040 |
_aDO-SdBNP _bspa _cBNPHU |
||
| 082 | 4 |
_222 _bG943i |
|
| 110 | 2 |
_aUniversidad Católica Santo Domingo (República Dominicana) _91478 |
|
| 245 | 1 | 0 | _aGuía informativa. |
| 246 | 1 | 4 |
_aGuía informativa : _bFacultad de ciencia de la salud. ¡mi profesión es mi orgullo! |
| 260 |
_aSanto Domingo : _bUCSD, _c2002 |
||
| 300 |
_a42 p. ; _c22 cm. |
||
| 590 | _aInventariado 2023 / MF | ||
| 650 | 4 |
_937237 _aUniversidades Católicas _xGuía informtiva |
|
| 650 | 4 |
_979807 _aEducación superior _zRepública Dominicana |
|
| 942 |
_2ddc _cLF2 |
||
| 999 |
_c38310 _d38310 |
||